000 00356nam a2200133Ia 4500
003 GCL
008 140319s9999 xx 000 0 ara d
040 _aGCL /
_cGCL
082 0 4 _a133.7
_bف ك
245 1 0 _aكشف الالعاب السحرية وحيل الدجالين
260 _a[S.N] :
_bدار الرشيد ،
_c1989
300 _a211 ص
490 _a
999 _c53462
_d53462